000 00694nam a2200241Ia 4500
003 OSt
005 20220926020918.0
006 a|||||r|||| 00| 0
007 ta
008 220923b |||||||| |||| 00| 0 eng d
037 _cGeneral Book
040 _aRTL
_cRTL
_beng
041 _2eng
_aeng
082 _aU218:(G:5), M7
100 _aTurner Monica Goigel Ed.
_9325377
245 0 _aLandscape heterogeneity and disturbance
260 _aNew York
_bSpringer Verleg U S A
_c1987
300 _axi,239p.
_ccm.
490 _aEcological Studies. 64
650 _aGeomorphology
942 _hU218:(G:5), M7
_cGB
_2CC
999 _c635241
_d635241